000 01125nam a2200277 4500
999 _c80912
_d318189
003 OSt
005 20220720134509.0
008 150326s2015 jo g 000 0 ara c
020 _a9789957586058
040 _aMa-Un
_bara
_cMa-Un
082 0 4 _a371.9
_bج ف ت
_221
100 1 _aالجوالدة، فؤاد عيد
_912475
245 1 2 _aالتربية الخاصة المعاصرة /
_cتأليف فؤاد عيد الجوالدة، مصطفى نوري القمش.
250 _aط. 1.
264 _aعمان، الأردن :
_bدار الإعصار العلمي للنشر والتوزيع،
_c2015
_m1436.
300 _a241 ص. ؛
_c24 سم.
500 _aالكتاب محكم تحكيما علميا ومنهجيا.
504 _aيشتمل على قائمة ببليوجرافية.
650 7 _aالتعليم الخاص
_yقرن 21
_994639
650 7 _aالمعوقون
_xتعليم
_yقرن 21
_994640
650 7 _aالمعوقون
_xتربية
_994641
650 7 _aالفئات الخاصة
_994642
700 1 _aالقمش، مصطفى نوري،
_eم. مشارك.
_956463
942 _2ddc
_cBOOK
535 2 _a3